00589nam a22001937a 4500003000900000005001700009008004100026020001800067040003800085082002100123100002000144245009200164250001200256260005000268300002800318650001900346942001500365999001500380BD-DhJNU20260513034627.0260513b |||||||| |||| 00| 0 eng d a9789845062923 aBD-DhJNUbENGcBD-DhJNUdBD-DhJNU 223a991. 411 UMI aUmar, Badruddin aThe indian national movement : braja ram mohan roy memorial lectures /cBadruddin Umar a2nd ed. aDhaka :bBangladeshi University Press,c2021. a152p. :bill. ;c22 cm. aIndia- History 2ddccBKn0 c2792d2792